000 01017cam a2200217 4500
001 WB3928-05
008 030724n2003 000 0 eng u
035 _a(Sirsi) u123121
245 _aCountry parks report
260 _c2003
490 _aRICS Westminster News
_v 21 July 2003 2(1)
520 _a"Towards a country parks renaissance", a report commissioned by the Countryside Agency, aims to evaluate the development of country parks, understand their size and distribution, and examine issues facing service providers. Also considers the contemporary relevance of parks to see how they might relate to current and planned initiatives. Read "Towards a country parks renaissance" report online. http://www.countryside.gov.uk/tourism/countryparks.htm.
590 _aWB
650 _aCOUNTRY PARKS
650 _aCOUNTRYSIDE AGENCY
650 _aDEVELOPMENT
650 _aBEST PRACTICE
650 _aRESEARCH REPORTS
690 _aENVIRONMENTAL AND LAND CONSULTANCY-ENVIRONMENTAL MANAGEMENT
942 _n0
999 _c73110
_d73110